000 01540nam a2200481 c 4500
001 2711
003 ES-MaCES
005 20141221121621.0
008 950227s1994 sp bd ||| | spa d
017 _aM-10.937-1994
_bDL
020 _a8474339936
024 7 _a161-94-042-4
_2nipo
035 _aCES19980027313m
040 _aES-MaCES
_bspa
_cES-MaCES
245 0 0 _aPlan Director de Infraestructuras, 1993-2007
250 _a2ª ed.
260 _a[Madrid]
_bCentro de Publicaciones, Ministerio de Obras Públicas, Transportes y Medio Ambiente
_c1994
300 _a427 p.
_bmap., gráf.
_c30 cm
541 _cGratuito
650 4 _ainfraestructura
_928025
650 4 _aEspaña
_926964
650 4 _aplan nacional
_927018
650 4 _aterritorio
_926789
650 4 _apolítica del transporte
_928018
650 4 _atransportes
_928016
650 4 _atransporte urbano
_928065
650 4 _acarretera
_928031
650 4 _aferrocarril
_928029
650 4 _ared ferroviaria
_928030
650 4 _aaeropuerto
_928021
650 4 _aaeropuerto
_928021
650 4 _apuerto
_928028
650 4 _arecursos hídricos
_928722
650 4 _apolítica ambiental
_929422
650 4 _ainvestigación y desarrollo
_928273
650 4 _afinanciación
_928125
650 4 _acuadros estadísticos
_928890
653 1 0 _aPolíticas sectoriales
710 1 _aEspaña
_bMinisterio de Obras Públicas, Transportes y Medio Ambiente
_93261
902 _aLIB Libro
942 _2CES
_cBK
_h5.2.
999 _c2711
_d2711